[Event "11th 4NCL Congress Open"]
[Site "Harben House"]
[Date "2016.11.04"]
[Round "1.1"]
[White "Pert, Nicholas"]
[Black "Clarke, Brandon Gi"]
[Result "1-0"]
[BlackElo "2288"]
[WhiteElo "2566"]
[LiveChessVersion "1.4.8"]

1. d4 {[%clk 1:30:56]} Nf6 {[%clk 1:30:49]} 2. Nf3 {[%clk 1:31:16]} g6
{[%clk 1:31:10]} 3. g3 {[%clk 1:31:33]} Bg7 {[%clk 1:31:33]} 4. Bg2
{[%clk 1:31:58]} O-O {[%clk 1:31:57]} 5. O-O {[%clk 1:32:24]} d6 {[%clk 1:32:23]}
6. Nc3 {[%clk 1:32:48]} Nbd7 {[%clk 1:32:15]} 7. a4 {[%clk 1:32:27]} a5
{[%clk 1:32:02]} 8. Bf4 {[%clk 1:32:02]} Nh5 {[%clk 1:27:26]} 9. Be3
{[%clk 1:27:54]} e5 {[%clk 1:08:51]} 10. dxe5 {[%clk 1:19:12]} Nxe5
{[%clk 1:08:18]} 11. Nxe5 {[%clk 1:19:20]} Bxe5 {[%clk 1:08:45]} 12. Bd4
{[%clk 1:08:47]} Ng7 {[%clk 1:04:21]} 13. Bxe5 {[%clk 1:00:59]} dxe5
{[%clk 0:56:55]} 14. Qxd8 {[%clk 0:57:47]} Rxd8 {[%clk 0:57:22]} 15. Rfd1
{[%clk 0:58:12]} Ne6 {[%clk 0:52:13]} 16. Rxd8+ {[%clk 0:48:40]} Nxd8
{[%clk 0:52:41]} 17. Nd5 {[%clk 0:47:55]} Ne6 {[%clk 0:34:05]} 18. Ra3
{[%clk 0:48:17]} c6 {[%clk 0:14:34]} 19. Nb6 {[%clk 0:45:55]} Rb8
{[%clk 0:15:02]} 20. Re3 {[%clk 0:36:25]} f6 {[%clk 0:15:00]} 21. Bh3
{[%clk 0:35:21]} Kf7 {[%clk 0:15:28]} 22. c3 {[%clk 0:30:49]} h5 {[%clk 0:14:56]}
23. f3 {[%clk 0:29:47]} Ke7 {[%clk 0:12:33]} 24. f4 {[%clk 0:27:48]} Bd7
{[%clk 0:13:01]} 25. Rd3 {[%clk 0:21:47]} Rd8 {[%clk 0:09:57]} 26. fxe5
{[%clk 0:20:27]} f5 {[%clk 0:09:15]} 27. Rd6 {[%clk 0:16:02]} Be8
{[%clk 0:07:17]} 28. Nc4 {[%clk 0:11:33]} Nc5 {[%clk 0:03:01]} 29. Nxa5
{[%clk 0:09:47]} Rxd6 {[%clk 0:03:08]} 30. exd6+ {[%clk 0:10:14]} Kxd6
{[%clk 0:03:37]} 31. Nc4+ {[%clk 0:10:33]} Kc7 {[%clk 0:03:33]} 32. a5
{[%clk 0:10:57]} Na4 {[%clk 0:03:51]} 33. Kf2 {[%clk 0:11:03]} Bf7
{[%clk 0:04:20]} 34. Ne5 {[%clk 0:11:27]} Be8 {[%clk 0:04:48]} 35. Nd3
{[%clk 0:10:56]} Kd6 {[%clk 0:04:03]} 36. Ke3 {[%clk 0:10:52]} c5
{[%clk 0:03:57]} 37. c4 {[%clk 0:10:37]} b5 {[%clk 0:02:31]} 38. b3
{[%clk 0:06:54]} bxc4 {[%clk 0:02:59]} 39. bxc4 {[%clk 0:07:21]} Bf7
{[%clk 0:03:26]} 40. a6 {[%clk 0:07:35]} Nb6 {[%clk 0:03:36]} 41. a7
{[%clk 0:07:27]} Nxc4+ {[%clk 0:03:49]} 42. Kf4 {[%clk 0:06:55]} Bd5
{[%clk 0:04:17]} 43. Kg5 {[%clk 0:07:00]} Ne3 {[%clk 0:03:15]} 44. Kxg6
{[%clk 0:07:10]} c4 {[%clk 0:03:01]} 45. Bxf5 {[%clk 0:05:40]} cxd3
{[%clk 0:01:40]} 46. Bxd3 {[%clk 0:05:57]} Ke5 {[%clk 0:01:09]} 47. Kxh5
{[%clk 0:06:17]} Nf1 {[%clk 0:00:33]} 48. e4 {[%clk 0:05:52]} 1-0

[Event "11th 4NCL Congress Open"]
[Site "Harben House"]
[Date "2016.11.04"]
[Round "1.2"]
[White "Hebden, Mark L"]
[Black "Lewis, Andrew P"]
[Result "1-0"]
[BlackElo "2301"]
[WhiteElo "2491"]
[LiveChessVersion "1.4.8"]

1. d4 {[%clk 1:30:46]} Nf6 {[%clk 1:30:49]} 2. Bf4 {[%clk 1:30:13]} g6
{[%clk 1:30:22]} 3. Nc3 {[%clk 1:30:28]} Bg7 {[%clk 1:25:40]} 4. Qd2
{[%clk 1:30:38]} O-O {[%clk 1:18:19]} 5. Bh6 {[%clk 1:30:36]} Bxh6
{[%clk 1:17:33]} 6. Qxh6 {[%clk 1:30:53]} c5 {[%clk 1:17:55]} 7. dxc5
{[%clk 1:29:40]} Qa5 {[%clk 1:16:46]} 8. O-O-O {[%clk 1:18:26]} Qxc5
{[%clk 1:15:48]} 9. Nh3 {[%clk 1:17:51]} Qh5 {[%clk 0:56:46]} 10. Qd2
{[%clk 1:14:43]} d6 {[%clk 0:56:14]} 11. Nf4 {[%clk 1:14:46]} Qc5
{[%clk 0:54:20]} 12. e4 {[%clk 1:13:21]} Nc6 {[%clk 0:51:17]} 13. h4
{[%clk 1:13:35]} h5 {[%clk 0:50:28]} 14. f3 {[%clk 1:13:13]} Bd7 {[%clk 0:44:16]}
15. Ncd5 {[%clk 1:09:03]} Nxd5 16. Nxd5 {[%clk 1:09:04]} a5 {[%clk 0:34:38]} 17.
g4 {[%clk 1:08:17]} Be6 {[%clk 0:30:44]} 18. gxh5 {[%clk 1:03:49]} Bxd5
{[%clk 0:30:44]} 19. exd5 {[%clk 1:01:30]} Ne5 {[%clk 0:31:03]} 20. Qh6
{[%clk 0:53:03]} Qf2 {[%clk 0:27:24]} 21. hxg6 {[%clk 0:50:16]} fxg6
{[%clk 0:25:40]} 22. Bh3 {[%clk 0:50:08]} Rf6 {[%clk 0:25:20]} 23. Rhf1
{[%clk 0:48:19]} Qe2 {[%clk 0:22:42]} 24. h5 {[%clk 0:44:25]} Nf7
{[%clk 0:19:13]} 25. Qd2 {[%clk 0:44:49]} Qxd2+ {[%clk 0:14:12]} 26. Rxd2
{[%clk 0:45:01]} gxh5 {[%clk 0:14:25]} 27. Rg2+ {[%clk 0:41:56]} Kh7
{[%clk 0:14:22]} 28. Be6 {[%clk 0:40:20]} Ne5 {[%clk 0:12:49]} 29. Rh1
{[%clk 0:36:40]} Kh6 {[%clk 0:11:29]} 30. Bg4 {[%clk 0:36:50]} Nxg4
{[%clk 0:11:35]} 31. fxg4 {[%clk 0:37:11]} Rg8 {[%clk 0:09:00]} 32. Rxh5+
{[%clk 0:37:10]} Kg6 {[%clk 0:09:08]} 33. Rf5 {[%clk 0:33:37]} Rgf8
{[%clk 0:06:51]} 34. Kd2 {[%clk 0:29:33]} Rxf5 {[%clk 0:05:50]} 35. gxf5+
{[%clk 0:29:56]} Kf6 {[%clk 0:06:00]} 36. Re2 {[%clk 0:29:31]} Rf7
{[%clk 0:05:17]} 37. Kd3 {[%clk 0:29:22]} b5 {[%clk 0:02:50]} 38. c4
{[%clk 0:28:42]} b4 {[%clk 0:02:16]} 39. c5 {[%clk 0:28:36]} dxc5
{[%clk 0:02:07]} 40. Kc4 {[%clk 0:29:02]} Rh7 {[%clk 0:01:23]} 41. Kxc5
{[%clk 0:29:04]} Rh5 {[%clk 0:00:53]} 42. Kb5 {[%clk 0:27:47]} Rxf5
{[%clk 0:00:50]} 43. Kxa5 {[%clk 0:28:10]} b3 {[%clk 0:00:48]} 44. a4
{[%clk 0:27:09]} Rxd5+ {[%clk 0:01:10]} 45. Kb4 {[%clk 0:26:46]} e5
{[%clk 0:00:49]} 46. Kxb3 {[%clk 0:27:01]} Kf5 {[%clk 0:00:56]} 47. Kc4
{[%clk 0:26:56]} Rd1 {[%clk 0:00:41]} 48. b4 {[%clk 0:26:34]} Ra1
{[%clk 0:00:45]} 49. a5 {[%clk 0:26:27]} e4 {[%clk 0:00:57]} 50. Kd4
{[%clk 0:26:23]} Rd1+ {[%clk 0:00:50]} 51. Kc5 {[%clk 0:26:40]} Kf4
{[%clk 0:00:39]} 52. a6 {[%clk 0:25:55]} Ra1 {[%clk 0:00:33]} 53. Kb6
{[%clk 0:24:53]} Kf3 {[%clk 0:00:49]} 54. Rh2 {[%clk 0:25:03]} e3
{[%clk 0:01:04]} 55. b5 {[%clk 0:25:19]} e2 {[%clk 0:00:48]} 56. Rxe2
{[%clk 0:25:41]} Kxe2 {[%clk 0:01:14]} 57. Ka7 {[%clk 0:26:07]} Kd3
{[%clk 0:00:43]} 58. b6 {[%clk 0:26:29]} Kc4 {[%clk 0:00:32]} 59. b7
{[%clk 0:26:53]} 1-0

[Event "11th 4NCL Congress Open"]
[Site "Harben House"]
[Date "2016.11.04"]
[Round "1.3"]
[White "Greet, Andrew N"]
[Black "Player, Edmund C"]
[Result "0-1"]
[BlackElo "2227"]
[WhiteElo "2464"]
[LiveChessVersion "1.4.8"]

1. d4 {[%clk 1:30:57]} Nf6 {[%clk 1:30:53]} 2. c4 {[%clk 1:31:15]} g6
{[%clk 1:31:17]} 3. g3 {[%clk 1:31:35]} c6 {[%clk 1:31:40]} 4. Nf3
{[%clk 1:31:39]} Bg7 {[%clk 1:31:14]} 5. Bg2 {[%clk 1:31:51]} O-O
{[%clk 1:31:10]} 6. Nc3 {[%clk 1:30:04]} d5 {[%clk 1:26:31]} 7. cxd5
{[%clk 1:30:11]} cxd5 {[%clk 1:26:40]} 8. Ne5 {[%clk 1:29:59]} b6
{[%clk 1:18:00]} 9. O-O {[%clk 1:27:46]} Bb7 {[%clk 1:17:36]} 10. Bf4
{[%clk 1:16:41]} Nc6 {[%clk 0:58:14]} 11. Qa4 {[%clk 1:13:04]} Rc8
{[%clk 0:51:25]} 12. Rfd1 {[%clk 1:06:32]} Na5 {[%clk 0:26:00]} 13. Rac1
{[%clk 1:01:54]} Nh5 {[%clk 0:21:25]} 14. b4 {[%clk 0:51:08]} Nxf4
{[%clk 0:15:07]} 15. gxf4 {[%clk 0:51:31]} Nc4 {[%clk 0:07:46]} 16. Qxa7
{[%clk 0:35:13]} Ba8 {[%clk 0:07:46]} 17. Nb5 {[%clk 0:30:32]} Bxe5
{[%clk 0:04:09]} 18. dxe5 {[%clk 0:29:37]} Bc6 {[%clk 0:01:49]} 19. Nd4
{[%clk 0:26:43]} e6 {[%clk 0:01:55]} 20. e4 {[%clk 0:21:44]} Ba8 {[%clk 0:01:29]}
21. exd5 {[%clk 0:14:39]} Bxd5 {[%clk 0:01:56]} 22. Nf3 {[%clk 0:13:32]} Ra8
{[%clk 0:02:10]} 23. Rxd5 {[%clk 0:13:10]} exd5 {[%clk 0:02:29]} 24. Qb7
{[%clk 0:13:29]} Rb8 {[%clk 0:00:58]} 25. Qa6 {[%clk 0:09:14]} Qd7
{[%clk 0:01:16]} 26. Nd4 {[%clk 0:08:39]} b5 {[%clk 0:00:41]} 27. Qf6
{[%clk 0:06:00]} Rb6 {[%clk 0:00:38]} 28. Qh4 {[%clk 0:06:24]} Ra8
{[%clk 0:00:39]} 29. Nf3 {[%clk 0:03:04]} h5 {[%clk 0:00:42]} 30. Bh3
{[%clk 0:02:31]} Qd8 {[%clk 0:00:40]} 31. Ng5 {[%clk 0:02:36]} Qe7
{[%clk 0:00:42]} 32. Bg2 {[%clk 0:02:45]} Rd8 {[%clk 0:00:42]} 33. Qg3
{[%clk 0:02:14]} d4 {[%clk 0:00:50]} 34. Be4 {[%clk 0:01:16]} Kg7
{[%clk 0:00:39]} 35. a3 {[%clk 0:00:56]} Ra6 {[%clk 0:01:04]} 36. Rxc4
{[%clk 0:00:41]} bxc4 {[%clk 0:01:18]} 37. f5 {[%clk 0:01:06]} d3
{[%clk 0:01:20]} 38. e6 {[%clk 0:00:34]} d2 {[%clk 0:01:29]} 39. Bc2
{[%clk 0:00:36]} d1=Q+ {[%clk 0:01:55]} 40. Bxd1 {[%clk 0:01:04]} Rxd1+
{[%clk 0:02:16]} 41. Kg2 {[%clk 0:01:29]} f6 {[%clk 0:00:44]} 42. Nf7
{[%clk 0:01:38]} g5 {[%clk 0:01:03]} 43. Qb8 {[%clk 0:02:02]} Qf8
{[%clk 0:01:05]} 44. Qb7 {[%clk 0:02:22]} Qa8 {[%clk 0:01:27]} 0-1

[Event "11th 4NCL Congress Open"]
[Site "Harben House"]
[Date "2016.11.04"]
[Round "1.4"]
[White "Jones, Steven A"]
[Black "Trent, Lawrence"]
[Result "0-1"]
[BlackElo "2463"]
[WhiteElo "2215"]
[LiveChessVersion "1.4.8"]

1. e4 {[%clk 1:30:39]} e5 {[%clk 1:30:44]} 2. Nf3 {[%clk 1:30:28]} Nc6
{[%clk 1:31:09]} 3. Bb5 {[%clk 1:30:47]} a6 {[%clk 1:31:35]} 4. Ba4
{[%clk 1:31:14]} d6 {[%clk 1:28:54]} 5. O-O {[%clk 1:29:45]} Bg4 {[%clk 1:28:37]}
6. h3 {[%clk 1:30:09]} h5 {[%clk 1:28:55]} 7. d4 {[%clk 1:29:16]} b5
{[%clk 1:29:09]} 8. Bb3 {[%clk 1:29:40]} Nxd4 {[%clk 1:28:32]} 9. hxg4
{[%clk 1:30:05]} Nxb3 {[%clk 1:27:29]} 10. axb3 {[%clk 1:29:19]} hxg4
{[%clk 1:27:55]} 11. Ng5 {[%clk 1:29:42]} Qd7 {[%clk 1:28:21]} 12. c4
{[%clk 1:25:04]} Rb8 {[%clk 1:22:32]} 13. Rxa6 {[%clk 1:14:32]} f6
{[%clk 1:22:27]} 14. Qd5 {[%clk 1:13:15]} fxg5 {[%clk 1:21:38]} 15. Ra8
{[%clk 1:13:10]} Rxa8 {[%clk 1:16:13]} 16. Qxa8+ {[%clk 1:12:01]} Kf7
{[%clk 1:16:38]} 17. cxb5 {[%clk 1:01:53]} Qxb5 {[%clk 1:05:14]} 18. Qd5+
{[%clk 1:01:34]} Qxd5 {[%clk 1:05:40]} 19. exd5 {[%clk 1:01:59]} Nf6
{[%clk 1:05:23]} 20. Nc3 {[%clk 0:57:27]} Be7 {[%clk 1:04:30]} 21. b4
{[%clk 0:54:07]} Kg6 {[%clk 0:59:26]} 22. Be3 {[%clk 0:53:39]} Ra8
{[%clk 0:59:48]} 23. Rc1 {[%clk 0:49:56]} Bd8 {[%clk 0:59:27]} 24. Kf1
{[%clk 0:50:06]} Kf5 {[%clk 0:57:47]} 25. Ke2 {[%clk 0:48:35]} Rb8
{[%clk 0:46:51]} 26. b5 {[%clk 0:48:59]} Ne4 {[%clk 0:47:13]} 27. b6
{[%clk 0:48:17]} Nc5 {[%clk 0:40:42]} 28. b4 {[%clk 0:39:07]} Nb3
{[%clk 0:39:42]} 29. Rb1 {[%clk 0:39:20]} Nd4+ {[%clk 0:40:06]} 30. Bxd4
{[%clk 0:39:44]} exd4 {[%clk 0:40:34]} 31. Nb5 {[%clk 0:40:08]} Rxb6
{[%clk 0:40:19]} 32. Nxd4+ {[%clk 0:40:28]} Ke4 {[%clk 0:40:40]} 33. Ne6
{[%clk 0:40:34]} Bf6 {[%clk 0:33:01]} 34. Nxc7 {[%clk 0:37:15]} Rb7
{[%clk 0:33:24]} 35. f3+ {[%clk 0:32:51]} Kd4 {[%clk 0:29:26]} 36. Rd1+
{[%clk 0:26:08]} Ke5 {[%clk 0:25:09]} 37. Ne6 {[%clk 0:23:58]} gxf3+
{[%clk 0:22:51]} 38. Kxf3 {[%clk 0:24:15]} Rxb4 {[%clk 0:23:16]} 39. Nf8
{[%clk 0:23:17]} Kf5 {[%clk 0:22:54]} 40. Rd3 {[%clk 0:21:54]} g4+
{[%clk 0:22:49]} 41. Kf2 {[%clk 0:18:24]} Rb2+ {[%clk 0:21:44]} 42. Kf1
{[%clk 0:16:46]} Ke4 {[%clk 0:22:02]} 43. Rg3 {[%clk 0:16:42]} Be5
{[%clk 0:21:55]} 44. Ra3 {[%clk 0:15:55]} g3 {[%clk 0:11:03]} 45. Ng6
{[%clk 0:15:17]} Rf2+ {[%clk 0:11:06]} 46. Kg1 {[%clk 0:15:33]} Rc2
{[%clk 0:11:19]} 47. Kf1 {[%clk 0:15:36]} Bc3 {[%clk 0:11:36]} 48. Ne7
{[%clk 0:15:01]} Rc1+ {[%clk 0:11:58]} 49. Ke2 {[%clk 0:15:24]} Re1# 0-1

[Event "11th 4NCL Congress Open"]
[Site "Harben House"]
[Date "2016.11.04"]
[Round "1.5"]
[White "Arkell, Keith C"]
[Black "Mason, Donald J"]
[Result "1-0"]
[BlackElo "2157"]
[WhiteElo "2450"]
[LiveChessVersion "1.4.8"]

1. d4 {[%clk 1:30:55]} d5 {[%clk 1:30:57]} 2. c4 {[%clk 1:31:21]} c6
{[%clk 1:31:17]} 3. Nf3 {[%clk 1:31:45]} Nf6 {[%clk 1:31:42]} 4. Qc2
{[%clk 1:32:12]} g6 {[%clk 1:27:58]} 5. Bf4 {[%clk 1:32:35]} Bg7 {[%clk 1:27:50]}
6. e3 {[%clk 1:32:59]} O-O {[%clk 1:27:12]} 7. Nc3 {[%clk 1:33:24]} a6
{[%clk 1:15:30]} 8. a4 {[%clk 1:23:34]} a5 {[%clk 1:12:01]} 9. cxd5
{[%clk 1:22:54]} Nxd5 {[%clk 1:11:48]} 10. Nxd5 {[%clk 1:23:15]} Qxd5
{[%clk 1:07:28]} 11. Bc4 {[%clk 1:23:29]} Qd8 {[%clk 1:06:35]} 12. Be5
{[%clk 1:23:28]} Nd7 {[%clk 1:01:59]} 13. Bxg7 {[%clk 1:23:51]} Kxg7
{[%clk 1:02:25]} 14. O-O {[%clk 1:24:04]} Nb6 {[%clk 1:01:21]} 15. Bb3
{[%clk 1:23:04]} Nd5 {[%clk 1:01:03]} 16. e4 {[%clk 1:20:13]} Nb4
{[%clk 0:59:11]} 17. Qc3 {[%clk 1:20:36]} f6 {[%clk 0:57:47]} 18. Rad1
{[%clk 1:18:45]} Bg4 {[%clk 0:54:43]} 19. h3 {[%clk 1:18:30]} Bxf3
{[%clk 0:51:56]} 20. Qxf3 {[%clk 1:13:20]} Qd7 {[%clk 0:47:47]} 21. Rfe1
{[%clk 1:13:20]} Rae8 {[%clk 0:47:07]} 22. Qc3 {[%clk 1:12:51]} e6
{[%clk 0:45:07]} 23. h4 {[%clk 1:10:18]} b6 {[%clk 0:40:23]} 24. h5
{[%clk 1:09:51]} gxh5 {[%clk 0:32:48]} 25. Re3 {[%clk 1:09:50]} Kh8
{[%clk 0:30:47]} 26. Rh3 {[%clk 1:06:53]} Qg7 {[%clk 0:26:36]} 27. Rh4
{[%clk 1:03:51]} f5 {[%clk 0:20:10]} 28. Qh3 {[%clk 1:03:24]} c5 {[%clk 0:16:19]}
29. dxc5 {[%clk 1:02:52]} bxc5 {[%clk 0:15:40]} 30. Rxh5 {[%clk 1:00:31]} Nc6
{[%clk 0:15:30]} 31. exf5 {[%clk 0:48:51]} exf5 {[%clk 0:12:13]} 32. Bc2
{[%clk 0:36:14]} Nd4 {[%clk 0:06:46]} 33. Bxf5 {[%clk 0:26:50]} Nxf5
{[%clk 0:07:08]} 34. Rxf5 {[%clk 0:27:17]} Rxf5 {[%clk 0:07:06]} 35. Qxf5
{[%clk 0:27:41]} Qxb2 {[%clk 0:03:28]} 36. Qxc5 {[%clk 0:27:51]} Qb4
{[%clk 0:02:37]} 37. Qd4+ {[%clk 0:23:55]} Qxd4 {[%clk 0:02:08]} 38. Rxd4
{[%clk 0:24:20]} Re5 {[%clk 0:01:27]} 39. g4 {[%clk 0:24:09]} Rc5
{[%clk 0:01:02]} 40. f4 {[%clk 0:21:42]} Rc3 {[%clk 0:00:42]} 41. Kf2
{[%clk 0:21:01]} Ra3 {[%clk 0:00:45]} 42. Ke2 {[%clk 0:20:58]} Kg7
{[%clk 0:01:02]} 43. Kd2 {[%clk 0:21:24]} Kg6 {[%clk 0:00:49]} 44. Kc2
{[%clk 0:21:48]} Rg3 {[%clk 0:00:38]} 45. Rd6+ {[%clk 0:21:06]} Kg7
{[%clk 0:00:58]} 46. g5 {[%clk 0:21:30]} Rf3 {[%clk 0:00:40]} 47. Rd4
{[%clk 0:21:25]} Kg6 {[%clk 0:00:55]} 48. Kb2 {[%clk 0:21:47]} Kf5
{[%clk 0:00:54]} 49. Rd5+ {[%clk 0:22:05]} Kxf4 {[%clk 0:01:10]} 50. Rxa5
{[%clk 0:22:32]} Rg3 {[%clk 0:01:21]} 51. Rb5 {[%clk 0:22:47]} Rh3
{[%clk 0:00:35]} 52. a5 {[%clk 0:23:09]} h5 {[%clk 0:00:38]} 53. a6
{[%clk 0:23:21]} 1-0

[Event "11th 4NCL Congress Open"]
[Site "Harben House"]
[Date "2016.11.04"]
[Round "1.6"]
[White "Cumming, Rhys"]
[Black "Fernandez, Daniel H"]
[Result "0-1"]
[BlackElo "2450"]
[WhiteElo "2154"]
[LiveChessVersion "1.4.8"]

1. e4 {[%clk 1:30:56]} e6 {[%clk 1:29:12]} 2. d4 {[%clk 1:29:56]} d5
{[%clk 1:29:39]} 3. Nd2 {[%clk 1:30:00]} Ne7 {[%clk 1:28:18]} 4. Bd3
{[%clk 1:24:36]} g6 {[%clk 1:28:45]} 5. Ne2 {[%clk 1:20:19]} Bg7 {[%clk 1:29:00]}
6. O-O {[%clk 1:17:51]} O-O {[%clk 1:28:49]} 7. Nf3 {[%clk 1:16:31]} c5
{[%clk 1:28:53]} 8. exd5 Nxd5 {[%clk 1:29:07]} 9. c4 {[%clk 1:03:34]} Nb4
{[%clk 1:20:11]} 10. Be4 {[%clk 1:01:21]} cxd4 {[%clk 1:19:38]} 11. Nexd4
{[%clk 1:00:58]} f5 {[%clk 1:17:27]} 12. Bb1 {[%clk 1:00:27]} N4c6
{[%clk 1:12:42]} 13. Nb5 {[%clk 0:49:18]} Qxd1 {[%clk 1:08:02]} 14. Rxd1
{[%clk 0:49:39]} Na6 {[%clk 1:08:30]} 15. a3 {[%clk 0:45:09]} h6 {[%clk 1:01:49]}
16. Ba2 {[%clk 0:41:30]} Kh7 {[%clk 1:01:01]} 17. Rb1 {[%clk 0:38:16]} e5
{[%clk 1:01:22]} 18. b4 {[%clk 0:37:30]} e4 {[%clk 0:59:21]} 19. Ne1
{[%clk 0:33:15]} Be6 {[%clk 0:56:11]} 20. Nd6 {[%clk 0:24:54]} Nd4
{[%clk 0:48:10]} 21. Rd2 {[%clk 0:20:37]} b6 {[%clk 0:45:32]} 22. Bb2
{[%clk 0:15:45]} Rfd8 {[%clk 0:45:24]} 23. Nb7 {[%clk 0:11:39]} Rd7
{[%clk 0:45:28]} 24. Bxd4 {[%clk 0:08:02]} Bxd4 {[%clk 0:45:13]} 25. Rbd1
{[%clk 0:08:11]} Bxf2+ {[%clk 0:45:08]} 26. Kxf2 {[%clk 0:08:38]} Rxb7
{[%clk 0:45:29]} 27. Rd6 {[%clk 0:06:09]} Re8 {[%clk 0:43:22]} 28. Nc2
{[%clk 0:05:34]} f4 {[%clk 0:41:16]} 29. h3 {[%clk 0:04:46]} Nb8 {[%clk 0:40:08]}
30. Nd4 {[%clk 0:04:48]} Bf7 {[%clk 0:40:05]} 31. Ne2 {[%clk 0:03:19]} g5
{[%clk 0:40:17]} 32. g4 {[%clk 0:02:08]} b5 {[%clk 0:38:55]} 33. Bb1
{[%clk 0:01:34]} bxc4 {[%clk 0:34:32]} 34. R1d4 {[%clk 0:00:56]} Rbe7
{[%clk 0:32:47]} 35. Rxe4 {[%clk 0:00:38]} Rxe4 {[%clk 0:32:50]} 36. Nc3
{[%clk 0:01:02]} Bg6 {[%clk 0:33:05]} 37. Rxg6 {[%clk 0:00:48]} Kxg6
{[%clk 0:33:17]} 38. Nxe4 {[%clk 0:00:52]} Kg7 {[%clk 0:32:27]} 39. Nd6
{[%clk 0:00:49]} Rd8 {[%clk 0:32:48]} 40. Nxc4 {[%clk 0:01:00]} Rd4
{[%clk 0:33:03]} 41. Ba2 {[%clk 0:00:54]} Nd7 {[%clk 0:33:21]} 42. a4 Nb6 0-1

[Event "11th 4NCL Congress Open"]
[Site "Harben House"]
[Date "2016.11.04"]
[Round "1.7"]
[White "Cobb, James E"]
[Black "Jarmany, John"]
[Result "1-0"]
[BlackElo "2139"]
[WhiteElo "2434"]
[LiveChessVersion "1.4.8"]

1. Nf3 {[%clk 1:30:54]} d5 {[%clk 1:30:57]} 2. g3 {[%clk 1:30:46]} Nf6
{[%clk 1:30:59]} 3. Bg2 {[%clk 1:31:07]} g6 {[%clk 1:30:01]} 4. O-O
{[%clk 1:31:24]} Bg7 {[%clk 1:30:28]} 5. d4 {[%clk 1:31:46]} O-O {[%clk 1:30:42]}
6. Nbd2 {[%clk 1:31:48]} c6 {[%clk 1:20:44]} 7. b3 {[%clk 1:24:47]} Bf5
{[%clk 1:18:15]} 8. Bb2 {[%clk 1:18:08]} Nbd7 {[%clk 1:16:53]} 9. Nh4
{[%clk 1:15:40]} Ne4 {[%clk 1:10:04]} 10. Nxf5 {[%clk 1:13:57]} gxf5
{[%clk 1:10:24]} 11. c4 {[%clk 1:12:17]} e6 {[%clk 1:05:41]} 12. Nf3
{[%clk 1:00:37]} Rc8 {[%clk 0:59:55]} 13. e3 {[%clk 1:00:38]} Qf6
{[%clk 0:55:31]} 14. Qe2 {[%clk 0:54:19]} a6 15. Rac1 {[%clk 0:54:28]} Qe7
{[%clk 0:46:54]} 16. Rc2 {[%clk 0:54:37]} Rfd8 {[%clk 0:46:10]} 17. cxd5
{[%clk 0:47:04]} cxd5 {[%clk 0:45:43]} 18. Rfc1 {[%clk 0:47:26]} Qe8
{[%clk 0:40:22]} 19. Rc7 {[%clk 0:41:06]} Rxc7 {[%clk 0:31:00]} 20. Rxc7
{[%clk 0:41:28]} Nd6 {[%clk 0:30:22]} 21. Ne5 {[%clk 0:27:07]} Nxe5
{[%clk 0:26:45]} 22. dxe5 {[%clk 0:27:32]} Nb5 {[%clk 0:27:13]} 23. Rc2
{[%clk 0:26:48]} Na7 {[%clk 0:25:52]} 24. f4 {[%clk 0:25:37]} Nc6
{[%clk 0:25:09]} 25. g4 {[%clk 0:24:04]} fxg4 {[%clk 0:23:06]} 26. Qxg4
{[%clk 0:24:24]} Ne7 {[%clk 0:13:08]} 27. Bf1 {[%clk 0:22:17]} Ng6
{[%clk 0:11:00]} 28. h4 {[%clk 0:20:26]} Kh8 {[%clk 0:07:33]} 29. Rg2
{[%clk 0:16:32]} Qg8 {[%clk 0:05:32]} 30. Bd3 {[%clk 0:11:33]} Ne7
{[%clk 0:04:43]} 31. Kh2 {[%clk 0:08:51]} Re8 {[%clk 0:03:17]} 32. Kh1
{[%clk 0:08:03]} Rd8 {[%clk 0:03:22]} 33. Qg5 {[%clk 0:07:58]} Re8
{[%clk 0:03:24]} 34. h5 {[%clk 0:07:14]} h6 {[%clk 0:03:34]} 35. Qh4
{[%clk 0:07:31]} Qf8 {[%clk 0:01:31]} 36. Ba3 {[%clk 0:03:26]} f5
{[%clk 0:01:59]} 37. Rc2 {[%clk 0:03:48]} Qf7 {[%clk 0:01:40]} 38. Rc7
{[%clk 0:04:11]} Ng6 {[%clk 0:01:08]} 39. Rxf7 {[%clk 0:04:29]} Nxh4
{[%clk 0:01:35]} 40. Rxb7 {[%clk 0:01:26]} Rc8 {[%clk 0:01:58]} 41. Be7
{[%clk 0:01:22]} Nf3 {[%clk 0:01:53]} 42. Be2 {[%clk 0:00:39]} Ne1
{[%clk 0:02:05]} 43. Kg1 {[%clk 0:00:31]} Nc2 {[%clk 0:01:39]} 44. Kf2
{[%clk 0:00:51]} d4 {[%clk 0:01:46]} 45. exd4 Nxd4 {[%clk 0:02:12]} 46. Bc4
{[%clk 0:01:34]} Rc6 {[%clk 0:01:36]} 47. Bd6 {[%clk 0:01:21]} Kg8
{[%clk 0:01:21]} 48. Ra7 {[%clk 0:01:33]} Nb5 {[%clk 0:01:21]} 49. Bxe6+
{[%clk 0:01:44]} Kh7 {[%clk 0:01:40]} 50. Bxf5+ {[%clk 0:01:59]} Kg8
{[%clk 0:02:03]} 51. Ra8+ {[%clk 0:01:49]} Kf7 {[%clk 0:02:21]} 52. Be4
{[%clk 0:01:29]} Rxd6 {[%clk 0:01:34]} 53. exd6 {[%clk 0:01:52]} Nxd6
{[%clk 0:02:01]} 54. Bd5+ {[%clk 0:01:57]} Ke7 {[%clk 0:02:07]} 55. Ra7+
{[%clk 0:02:11]} Kf8 {[%clk 0:02:20]} 56. Rxa6 {[%clk 0:02:32]} Nf5
{[%clk 0:02:24]} 57. b4 {[%clk 0:02:01]} Bd4+ {[%clk 0:02:26]} 58. Kf3
{[%clk 0:02:24]} Bc3 {[%clk 0:02:41]} 59. a3 {[%clk 0:02:00]} Ke7
{[%clk 0:02:34]} 60. Re6+ {[%clk 0:01:56]} Kd7 {[%clk 0:02:53]} 61. Kg4
{[%clk 0:01:53]} Nd4 {[%clk 0:01:14]} 62. Rxh6 {[%clk 0:02:08]} Nc2
{[%clk 0:01:40]} 63. Bc6+ {[%clk 0:01:41]} Kc7 {[%clk 0:01:44]} 64. Be4
{[%clk 0:01:59]} Ne3+ {[%clk 0:01:21]} 65. Kf3 {[%clk 0:02:18]} Bd4
{[%clk 0:01:46]} 66. Rc6+ {[%clk 0:02:27]} Kd7 {[%clk 0:02:01]} 67. h6
{[%clk 0:01:30]} Nf1 {[%clk 0:02:28]} 68. Rc2 {[%clk 0:01:44]} Ke7
{[%clk 0:01:54]} 69. h7 {[%clk 0:01:58]} 1-0

[Event "11th 4NCL Congress Open"]
[Site "Harben House"]
[Date "2016.11.04"]
[Round "1.8"]
[White "Hand, Freddie"]
[Black "Pert, Richard G"]
[Result "1/2-1/2"]
[BlackElo "2432"]
[WhiteElo "2103"]
[LiveChessVersion "1.4.8"]

1. d4 {[%clk 1:30:42]} d5 {[%clk 1:30:52]} 2. c4 {[%clk 1:30:54]} e6
{[%clk 1:31:14]} 3. Nc3 {[%clk 1:31:14]} c5 {[%clk 1:31:26]} 4. cxd5
{[%clk 1:31:41]} cxd4 {[%clk 1:31:49]} 5. Qxd4 {[%clk 1:32:09]} Nc6
{[%clk 1:31:42]} 6. Qd1 {[%clk 1:32:37]} exd5 {[%clk 1:31:59]} 7. Qxd5
{[%clk 1:33:05]} Bd7 {[%clk 1:32:01]} 8. Nf3 {[%clk 1:33:33]} Nf6
{[%clk 1:32:07]} 9. Qd1 {[%clk 1:34:01]} Bc5 {[%clk 1:32:29]} 10. e3
{[%clk 1:32:59]} Qe7 {[%clk 1:32:45]} 11. Be2 {[%clk 1:31:57]} O-O
{[%clk 1:30:39]} 12. O-O {[%clk 1:31:17]} Rfd8 {[%clk 1:31:04]} 13. a3
{[%clk 1:18:57]} Bg4 {[%clk 1:23:31]} 14. Qc2 {[%clk 1:15:11]} Rac8
{[%clk 1:17:51]} 15. Rd1 {[%clk 0:58:00]} Ne5 {[%clk 1:01:36]} 16. Nd4
{[%clk 0:37:11]} Bb6 {[%clk 0:56:36]} 17. h3 {[%clk 0:26:52]} Bd7
{[%clk 0:46:32]} 18. b3 {[%clk 0:22:08]} Nc6 {[%clk 0:42:32]} 19. Nf3
{[%clk 0:14:48]} Na5 {[%clk 0:35:39]} 20. b4 {[%clk 0:08:11]} Nc4
{[%clk 0:35:45]} 21. Bxc4 Rxc4 {[%clk 0:36:10]} 22. Bb2 {[%clk 0:06:50]} Rdc8
{[%clk 0:30:33]} 23. Qd3 {[%clk 0:06:28]} h6 {[%clk 0:24:23]} 24. Rd2
{[%clk 0:03:07]} Be6 {[%clk 0:21:41]} 25. Rad1 {[%clk 0:01:13]} a5
{[%clk 0:18:31]} 26. b5 {[%clk 0:00:46]} a4 {[%clk 0:13:58]} 27. Ne5
{[%clk 0:00:36]} Rh4 {[%clk 0:12:29]} 28. Nf3 {[%clk 0:01:01]} Rhc4
{[%clk 0:09:33]} 29. Ne5 {[%clk 0:00:56]} Rh4 {[%clk 0:08:39]} 30. Nf3
{[%clk 0:00:46]} Rhc4 {[%clk 0:08:33]} 31. Ne5 {[%clk 0:00:41]} 1/2-1/2